000 00672nab a2200193 4500
001 244442
003 OSt
005 20231108093121.0
007 tu
008 200917s2020|||||||
040 _aDE-2950
_cDE-2950
245 0 0 _aLukas-Buchhandlung schließt
_bFachhandel. Nach mehr als 30 Jahren gibt Karl-Heinz Möckel das Geschäft in Frankfurt auf - außer, es findet sich doch noch ein Nachfolger. Allerdings rennt die Zeit/
_cJörg Kotterba
264 _c2023
653 _aFrankfurt (Oder)
653 _aLukas-Buchhandlung
653 _aKarl-Heinz Möckel
773 0 _g34. Jahrgang (2023) Nr. 257 vom 04.11.2023, S. 15: Foto
_tMärkische Oderzeitung
942 _2z
_cA
999 _c372816
_d372816